01382nab a22002417a 4500003000400000005001700004008004100021040000700062100002700069245012000096260007300216300001500289500007200304505038900376505008900765650002900854650002200883650002700905650002100932650002300953650003100976773013301007OSt20251227001546.0190603e xxum|||| |||| 00| 0 spa d cPJ aVítolo, Daniel Roque13aLas sociedades a 10 años de la sanción del Código Civil y Comercial de la Nación /cDaniel Roque Vítolo.  cCiudad Autónoma de Buenos Aires :aThomson Reuters La Ley, b2025. ap. 238-249 aCita: TR LALEY AR/DOC/1766/2025 Publicado en: RCCyC 2025 (agosto). aSumario: I. A modo de introducción.— II. Algunos cambios sustanciales en el régimen regulatorio de las personas jurídicas privadas en el Cód. Civ. y Com.— III. Las reformas introducidas al texto de la ley 19.550 por la ley 26.994.— IV. El efecto de la reforma introducida por la ley 26.994 en el régimen societario.— V. La ley 27.444.— VI. A modo de conclusión.  t¿Te interesa el texto completo? Solicitalo al correo: koha@justierradelfuego.gov.ar 0aCODIGO CIVIL Y COMERCIAL 0aDERECHO COMERCIAL 0aSOCIEDADES COMERCIALES 0aSOCIEDAD ANONIMA 0aDERECHOS DEL SOCIO 0aAUTONOMÍA DE LA VOLUNTAD0 02713dCiudad Autónoma de Buenos Aires : Thomson Reuters La Ley, 2015-tRevista Código Civil y Comercial. Nº 4 - Agosto 2025